000 00446nam a22001457a 4500
999 _c60593
_d60593
005 20230914105856.0
008 230914s1969 fr ||||| |||| 00| 0 fre d
041 _afre
080 _a069 C-31
245 _aCatalogue du Musee National de Damas.
264 _aDamas,
_c1969.
300 _a285 p. :
_bill.;
_c21 cm.
653 _aდამასკოს ეროვნული მუზეუმის კატალოგი
942 _2udc
_cBK